Способ отбора проб радиоактивного осадка из емкостей-хранилищ и устройство для его осуществления

מידע ביבליוגרפי
מחבר תאגידי: Горно-химический комбинат (ГХК)
מחברים אחרים: Гаврилов П. М. Петр Михайлович, Бараков Б. Н. Борис Николаевич, Ревенко Ю. А. Юрий Александрович, Белозеров С. Г. Станислав Геннадьевич, Кравченко В. А. Вадим Альбертович, Киселев Ю. В. Юрий Владимирович
סיכום:опубл. 20.04.10
Изобретения относятся к атомной промышленности в части переработки радиоактивных отходов и предназначены для отбора проб осадка высокого уровня активности из емкостей-хранилищ радиоактивных отходов радиохимических производств. Кроме того, предлагаемый способ может быть использован при бурении геологоразведочных скважин.
שפה:רוסית
יצא לאור:
נושאים:
גישה מקוונת:http://www.fips.ru/Archive/PAT/2010FULL/2010.04.20/DOC/RUNWC2/000/000/002/387/034/document.pdf
פורמט: אלקטרוני ספר
KOHA link:https://koha.lib.tpu.ru/cgi-bin/koha/opac-detail.pl?biblionumber=646410

MARC

LEADER 00000nlm0a2200000 4500
001 646410
005 20231215102338.0
029 1 0 |a RU  |b 2387034  |c Пат.  |d МПК G 21 F 9/34 
035 |a (RuTPU)RU\TPU\network\11546 
035 |a RU\TPU\network\11545 
039 0 |a RU  |b 2008117275/06  |c 20080429 
090 |a 646410 
100 |a 20160229j20100420k y0rusy50 ca 
101 0 |a rus 
102 |a RU 
105 |a a k 000zy 
135 |a drgn ---uucaa 
181 0 |a i  
182 0 |a b 
200 1 |a Способ отбора проб радиоактивного осадка из емкостей-хранилищ и устройство для его осуществления  |f П. М. Гаврилов [и др.]  |g Горно-химический комбинат (ГХК) 
203 |a Текст  |c электронный 
300 |a опубл. 20.04.10 
330 |a Изобретения относятся к атомной промышленности в части переработки радиоактивных отходов и предназначены для отбора проб осадка высокого уровня активности из емкостей-хранилищ радиоактивных отходов радиохимических производств. Кроме того, предлагаемый способ может быть использован при бурении геологоразведочных скважин. 
610 1 |a патенты 
610 1 |a труды учёных ТПУ 
610 1 |a электронный ресурс 
610 1 |a изобретения 
610 1 |a отбор проб 
610 1 |a радиоактивные осадки 
610 1 |a емкости-хранилища 
610 1 |a атомная промышленность 
610 1 |a радиоактивные отходы 
610 1 |a бурение 
610 1 |a геологоразведочные скважины 
701 1 |a Гаврилов  |b П. М.  |c специалист в области атомной энергетики  |c профессор Томского политехнического университета, доктор технических наук  |f 1960-  |g Петр Михайлович  |3 (RuTPU)RU\TPU\pers\27697  |9 12771 
701 1 |a Бараков  |b Б. Н.  |g Борис Николаевич 
701 1 |a Ревенко  |b Ю. А.  |g Юрий Александрович 
701 1 |a Белозеров  |b С. Г.  |g Станислав Геннадьевич 
701 1 |a Кравченко  |b В. А.  |g Вадим Альбертович 
701 1 |a Киселев  |b Ю. В.  |g Юрий Владимирович 
712 0 2 |a Горно-химический комбинат (ГХК)  |c (Железногорск)  |3 (RuTPU)RU\TPU\col\16911 
801 1 |a RU  |b 63413507  |c 20120201 
801 2 |a RU  |b 63413507  |c 20160229  |g RCR 
856 4 |u http://www.fips.ru/Archive/PAT/2010FULL/2010.04.20/DOC/RUNWC2/000/000/002/387/034/document.pdf 
942 |c CF